[Event "RUS-ch Blitz Men 2018"]
[Site "Sochi"]
[Date "2018.10.07"]
[Round "5"]
[White "Gochelashvili, David"]
[Black "Alekseenko, Kirill"]
[Result "0-1"]
[WhiteElo "2419"]
[BlackElo "2639"]
[Annotator "TA"]
[PlyCount "102"]
[EventDate "2018.10.07"]
[EventType "swiss"]
[EventCountry "RUS"]
[SourceTitle "playchess.com"]
[Source "ChessBase"]
[SourceQuality "1"]

1. e4 c5 2. c3 Qa5 3. g3 g6 4. Bg2 Bg7 5. f4 d6 6. Nf3 Nf6 7. Qe2 O-O 8. O-O Nc6 9. d3 Qc7 10. h3 b5 11. g4 b4 12. f5 Rb8 13. Bf4 a5 14. Nbd2 bxc3 15. bxc3 Nd7 16. Rac1 Ba6 17. Nc4 Bxc4 18. dxc4 Nde5 19. Rb1 a4 20. Rb5 Nxf3+ 21. Qxf3 Ne5 22. Qe2 Rxb5 23. cxb5 c4 24. Be3 Nd3 25. Qc2 Qa5 26. Rb1 Bxc3 27. Bf1 Ne5 28. b6 Rb8 29. b7 a3 30. Bb6 Bd4+ 31. Bxd4 Nf3+ 32. Kh1 Nxd4 33. Qxc4 Qa7 34. Qc8+ Kg7 35. Bc4 Nf3 36. f6+ exf6 37. Kg2 Nd2 38. Qc7 Nxc4 39. Rb4 Na5 40. Rb5 Rxb7 41. Qxa5 Qxa5 42. Rxa5 Rb2+ 43. Kg3 Rxa2 44. Ra6 Ra1 45. Kg2 a2 46. Kh2 f5 47. exf5 gxf5 48. gxf5 d5 49. h4 h5 50. Ra4 d4 51. Kg2 d3 0-1

[Event "RUS-ch Blitz Men 2018"]
[Site "Sochi"]
[Date "2018.10.07"]
[Round "5"]
[White "Ofitserian, Boris"]
[Black "Khanin, Semen"]
[Result "0-1"]
[WhiteElo "2411"]
[BlackElo "2510"]
[Annotator "TA"]
[PlyCount "38"]
[EventDate "2018.10.07"]
[EventType "swiss"]
[EventCountry "RUS"]
[SourceTitle "playchess.com"]
[Source "ChessBase"]
[SourceQuality "1"]

1. Nf3 d5 2. c4 d4 3. e3 Nc6 4. d3 e5 5. exd4 Nxd4 6. h3 Nf6 7. Be2 Bb4+ 8. Bd2 Bxd2+ 9. Qxd2 O-O 10. Nc3 Bf5 11. O-O-O Re8 12. g4 Bg6 13. Rhg1 c6 14. h4 h5 15. gxh5 Nxh5 16. Ng5 Nf4 17. Bf1 Qa5 18. Kb1 Rad8 19. Ka1 Nb3+ 0-1

[Event "RUS-ch Blitz Men 2018"]
[Site "Sochi"]
[Date "2018.10.07"]
[Round "5"]
[White "Dzhumagaliev, Yan"]
[Black "Asanov, Timur"]
[Result "1-0"]
[WhiteElo "2410"]
[BlackElo "2389"]
[Annotator "NA RC"]
[PlyCount "123"]
[EventDate "2018.10.07"]
[EventType "swiss"]
[EventCountry "RUS"]
[SourceTitle "playchess.com"]
[Source "ChessBase"]
[SourceQuality "1"]

1. d4 Nf6 2. Nf3 g6 3. g3 Bg7 4. Bg2 O-O 5. O-O d6 6. a4 Nbd7 7. a5 a6 8. c4 e5 9. Nc3 exd4 10. Nxd4 Re8 11. h3 Nc5 12. Qc2 h5 13. Bg5 Re5 14. f4 Rxg5 15. fxg5 Nh7 16. Nf3 Nxg5 17. h4 Bf5 18. Qd1 Nge4 19. Nxe4 Nxe4 20. Kh2 Bxb2 21. Rb1 Qf6 22. Qb3 Be5 23. Nxe5 Qxe5 24. Rbd1 Nc5 25. Qf3 Re8 26. Rd5 Qxe2 27. Rxf5 gxf5 28. Qxf5 Re7 29. Qg5+ Kf8 30. Qf6 Ke8 31. Rf2 Qe5 32. Qh6 Kd7 33. Bh3+ Ne6 34. Qd2 Kc8 35. Rf5 Qe4 36. c5 dxc5 37. Rxh5 Kb8 38. Bg2 Qd4 39. Qe2 Ka7 40. Rd5 Qb4 41. Rd2 c6 42. Rb2 Qxa5 43. Qe5 Qc7 44. Qf5 Nd4 45. Qxc5+ b6 46. Qxd4 Rd7 47. Qc4 a5 48. Bxc6 Rd6 49. Rc2 Rg6 50. Rc3 f5 51. Bg2 Qxc4 52. Rxc4 b5 53. Rc5 Kb6 54. Rxf5 a4 55. h5 Rg8 56. h6 Rh8 57. Rf6+ Kc5 58. g4 a3 59. g5 a2 60. Ra6 Rg8 61. h7 Rh8 62. g6 1-0

[Event "RUS-ch Blitz Men 2018"]
[Site "Sochi"]
[Date "2018.10.07"]
[Round "5"]
[White "Stambulian, Arsen"]
[Black "Kryakvin, Dmitry"]
[Result "0-1"]
[WhiteElo "2339"]
[BlackElo "2595"]
[Annotator "TA"]
[PlyCount "85"]
[EventDate "2018.10.07"]
[EventType "swiss"]
[EventCountry "RUS"]
[SourceTitle "playchess.com"]
[Source "ChessBase"]
[SourceQuality "1"]

1. e4 c5 2. Nf3 d6 3. c3 Nf6 4. Be2 Bd7 5. d3 g6 6. O-O Bg7 7. a4 O-O 8. Na3 Nc6 9. Nc4 d5 10. exd5 Nxd5 11. Re1 Bf5 12. Qc2 Qd7 13. Bf1 Rad8 14. Ne3 Nxe3 15. Bxe3 b6 16. Red1 c4 17. Nd4 Bxd4 18. cxd4 cxd3 19. Bxd3 Nb4 20. Qb3 Nxd3 21. Rxd3 Bxd3 22. Qxd3 e5 23. Bg5 Qxd4 24. Qe2 f6 25. Be3 Qd3 26. Qe1 Rd5 27. h3 Rfd8 28. Qb4 Qf5 29. Qb3 Qe6 30. Re1 R5d6 31. Qa3 Rd1 32. Rxd1 Rxd1+ 33. Kh2 Rd7 34. a5 Qd6 35. Qa4 bxa5 36. Qxa5 a6 37. Qa2+ Kg7 38. Qc4 h5 39. Qc1 h4 40. Qc4 g5 41. b4 e4+ 42. Kg1 Qe5 43. Qc2 0-1

[Event "RUS-ch Blitz Men 2018"]
[Site "Sochi"]
[Date "2018.10.07"]
[Round "5"]
[White "Smirnov, Timofey"]
[Black "Savchenko, Boris"]
[Result "0-1"]
[WhiteElo "2332"]
[BlackElo "2562"]
[Annotator "TA"]
[PlyCount "62"]
[EventDate "2018.10.07"]
[EventType "swiss"]
[EventCountry "RUS"]
[SourceTitle "playchess.com"]
[Source "ChessBase"]
[SourceQuality "1"]

1. e4 e6 2. d4 d5 3. Nc3 Bb4 4. e5 c5 5. a3 Bxc3+ 6. bxc3 Qa5 7. Bd2 Qa4 8. Be3 Ne7 9. Ne2 b6 10. Ng3 Ba6 11. Nh5 Rg8 12. g4 Bxf1 13. Kxf1 Nd7 14. Kg2 cxd4 15. cxd4 Rc8 16. Ra2 f6 17. exf6 gxf6 18. h3 Nf5 19. Re1 Kf7 20. Kh2 Nd6 21. Nf4 Ne4 22. Qc1 Rc3 23. f3 Ng5 24. Kg3 Rgc8 25. Re2 Qc4 26. Ra1 e5 27. dxe5 Nxe5 28. Rf2 Nexf3 29. h4 Ne4+ 30. Kxf3 Nxf2 31. Kxf2 Rxc2+ 0-1

[Event "RUS-ch Blitz Men 2018"]
[Site "Sochi"]
[Date "2018.10.07"]
[Round "5"]
[White "Inozemtsev, Sergei"]
[Black "Vastrukhin, Oleg"]
[Result "0-1"]
[WhiteElo "2310"]
[BlackElo "2413"]
[Annotator "NA"]
[PlyCount "76"]
[EventDate "2018.10.07"]
[EventType "swiss"]
[EventCountry "RUS"]
[SourceTitle "playchess.com"]
[Source "ChessBase"]
[SourceQuality "1"]

1. e4 e6 2. d4 d5 3. e5 c5 4. c3 Nc6 5. Nf3 Qb6 6. a3 Bd7 7. b4 c4 8. Bb2 f5 9. h4 Nh6 10. Be2 Be7 11. Nbd2 Nf7 12. Qc2 g6 13. g3 h6 14. Nf1 O-O-O 15. Ne3 g5 16. a4 gxh4 17. Nxh4 Rdg8 18. Nhxf5 exf5 19. Nxd5 Qd8 20. Bxc4 Rg7 21. O-O-O Ng5 22. Nf4 Ne4 23. Ne6 Qg8 24. Nxg7 Qxc4 25. e6 Be8 26. Nxf5 Nd6 27. Ne3 Qa2 28. f4 Kb8 29. f5 Nxb4 30. cxb4 Bxa4 31. Qb1 Qb3 32. Rd3 Rc8+ 33. Kd2 Ne4+ 34. Ke2 Bb5 35. d5 Bxd3+ 36. Qxd3 Nxg3+ 37. Kd2 Bxb4+ 38. Bc3 Bxc3+ 0-1

[Event "RUS-ch Blitz Men 2018"]
[Site "Sochi"]
[Date "2018.10.07"]
[Round "6"]
[White "Dubov, Daniil"]
[Black "Gabrielian, Artur"]
[Result "0-1"]
[WhiteElo "2706"]
[BlackElo "2507"]
[Annotator "TA"]
[PlyCount "94"]
[EventDate "2018.10.07"]
[EventType "swiss"]
[EventCountry "RUS"]
[SourceTitle "playchess.com"]
[Source "ChessBase"]
[SourceQuality "1"]

1. Nf3 c5 2. e3 g6 3. d4 Bg7 4. d5 d6 5. Nc3 Nf6 6. Bc4 O-O 7. O-O Bg4 8. h3 Bxf3 9. Qxf3 Nfd7 10. Qd1 Na6 11. e4 Nc7 12. a4 b6 13. Bg5 a6 14. f4 Bf6 15. Bh6 Bg7 16. Bg5 Bf6 17. Bxf6 exf6 18. Qd3 Re8 19. Rfe1 Kg7 20. Kh2 Qb8 21. Rf1 Qb7 22. Rae1 Rab8 23. e5 b5 24. axb5 axb5 25. Ba2 c4 26. Qf3 Qb6 27. Ne4 dxe5 28. d6 Ne6 29. fxe5 f5 30. Nf6 Nxf6 31. exf6+ Kh8 32. Rd1 Red8 33. Qg3 f4 34. Rxf4 Nxf4 35. Qxf4 Rd7 36. Rd4 Qc5 37. c3 Rbd8 38. Qh6 Qe5+ 39. Rf4 Rg8 40. h4 g5 41. Bb1 Qxf4+ 42. Kg1 Qc1+ 43. Kh2 Qxb1 44. h5 Rxd6 45. b4 cxb3 46. Kg3 Qd3+ 47. Kg4 Qe4+ 0-1

[Event "RUS-ch Blitz Men 2018"]
[Site "Sochi"]
[Date "2018.10.07"]
[Round "6"]
[White "Savchenko, Boris"]
[Black "Smirnov, Timofey"]
[Result "1-0"]
[WhiteElo "2657"]
[BlackElo "2343"]
[Annotator "TA"]
[PlyCount "111"]
[EventDate "2018.10.07"]
[EventType "swiss"]
[EventCountry "RUS"]
[SourceTitle "playchess.com"]
[Source "ChessBase"]
[SourceQuality "1"]

1. e4 c5 2. Nf3 d6 3. d4 cxd4 4. Nxd4 Nf6 5. Nc3 a6 6. Bg5 Nbd7 7. Qf3 h6 8. Bh4 g6 9. O-O-O Bg7 10. h3 O-O 11. g4 Qc7 12. Kb1 b5 13. Nd5 Nxd5 14. exd5 Ne5 15. Qe2 Bb7 16. Bg2 Rfe8 17. Rhe1 Qc5 18. Nb3 Qc7 19. c3 Nc4 20. Nd4 Nb6 21. f4 Bxd5 22. f5 Bxg2 23. Qxg2 g5 24. Bf2 Rac8 25. Rd3 Nc4 26. Qd5 Ne5 27. Rd2 Rb8 28. a3 Nc4 29. Rde2 Ne5 30. Ka1 Qb7 31. Qxb7 Rxb7 32. Rd1 a5 33. Nb3 Ra8 34. Rd5 Bf8 35. Ka2 Rbb8 36. Bg3 Nd7 37. Nd4 b4 38. Nc6 Rb6 39. Nxe7+ Kg7 40. cxb4 axb4 41. Bxd6 b3+ 42. Kb1 Re8 43. Rd3 Nf6 44. Bc5 Rb7 45. Rde3 Rc7 46. Bb4 Rd7 47. Re1 Red8 48. Rxb3 Re8 49. Rbe3 Red8 50. Bc3 Rd3 51. Rxd3 Rxd3 52. Nc6 Rxh3 53. Rd1 Rg3 54. Rd4 Kg8 55. Rd8 Rxg4 56. Bxf6 1-0

[Event "RUS-ch Blitz Men 2018"]
[Site "Sochi"]
[Date "2018.10.07"]
[Round "6"]
[White "Bocharov, Dmitry"]
[Black "Antipov, Mikhail Al."]
[Result "0-1"]
[WhiteElo "2649"]
[BlackElo "2491"]
[Annotator "TA"]
[PlyCount "49"]
[EventDate "2018.10.07"]
[EventType "swiss"]
[EventCountry "RUS"]
[SourceTitle "playchess.com"]
[Source "ChessBase"]
[SourceQuality "1"]

1. Nf3 Nf6 2. g3 d5 3. Bg2 c6 4. O-O a6 5. d3 Bf5 6. c4 dxc4 7. dxc4 Qxd1 8. Rxd1 e6 9. Nc3 Bc2 10. Rd2 Bg6 11. Nd4 Nbd7 12. Rd1 O-O-O 13. Nb3 Bb4 14. Bf4 Nb6 15. c5 Bxc3 16. bxc3 Na4 17. Be5 Rxd1+ 18. Rxd1 Rd8 19. Rc1 Ne8 20. e4 f6 21. Bd4 e5 22. Be3 Nc7 23. c4 Bf7 24. Bf1 Ne6 25. f4 0-1

[Event "RUS-ch Blitz Men 2018"]
[Site "Sochi"]
[Date "2018.10.07"]
[Round "6"]
[White "Demchenko, Anton"]
[Black "Moiseenko, Vadim"]
[Result "1/2-1/2"]
[WhiteElo "2646"]
[BlackElo "2421"]
[Annotator "TA"]
[PlyCount "113"]
[EventDate "2018.10.07"]
[EventType "swiss"]
[EventCountry "RUS"]
[SourceTitle "playchess.com"]
[Source "ChessBase"]
[SourceQuality "1"]

1. e4 e5 2. Nf3 Nc6 3. Bc4 Nf6 4. d3 h6 5. O-O d6 6. Re1 g5 7. c3 g4 8. Nfd2 h5 9. Nf1 Be6 10. Nbd2 Qd7 11. b4 Bh6 12. a4 Ne7 13. d4 Qc8 14. dxe5 dxe5 15. Qb3 Ng6 16. Bxe6 Qxe6 17. Qxe6+ fxe6 18. Nc4 Bf4 19. g3 Bxc1 20. Raxc1 Ke7 21. Kg2 Rad8 22. Na5 Rb8 23. Nd2 Rhd8 24. Ndb3 Rd6 25. Nc4 Rdd8 26. Nba5 Nh7 27. h4 Nf6 28. Rc2 Ne8 29. Rd2 Nd6 30. f3 gxf3+ 31. Kxf3 Rg8 32. Nxd6 cxd6 33. Red1 Rgc8 34. Rxd6 Rxc3+ 35. R6d3 Rc7 36. b5 Rf8+ 37. Kg2 Rg8 38. Kh3 Rf8 39. R1d2 Rf1 40. Kg2 Ra1 41. Nb3 Rxa4 42. Re3 Rb4 43. Ra2 b6 44. Nd2 Rxb5 45. Nf3 Rbc5 46. Ree2 Rc3 47. Ng5 Rd3 48. Rf2 a5 49. Rf7+ Kd6 50. Rf6 Ne7 51. Nxe6 Ng8 52. Rg6 Ne7 53. Rf6 Ng8 54. Rg6 Ne7 55. Rf6 Ng8 56. Rg6 Ne7 57. Ra1 1/2-1/2

[Event "RUS-ch Blitz Men 2018"]
[Site "Sochi"]
[Date "2018.10.07"]
[Round "6"]
[White "Sychev, Klementy"]
[Black "Romanov, Evgeny"]
[Result "1/2-1/2"]
[WhiteElo "2638"]
[BlackElo "2523"]
[Annotator "TA"]
[PlyCount "133"]
[EventDate "2018.10.07"]
[EventType "swiss"]
[EventCountry "RUS"]
[SourceTitle "playchess.com"]
[Source "ChessBase"]
[SourceQuality "1"]

1. e4 c5 2. Nf3 a6 3. c3 d5 4. exd5 Qxd5 5. d4 e6 6. Be2 Nf6 7. O-O Be7 8. Be3 cxd4 9. cxd4 O-O 10. Nc3 Qd6 11. Ne5 Nbd7 12. Bf4 Qb6 13. Nc4 Qd8 14. Bf3 Nb6 15. Ne3 Ra7 16. Bb8 Ra8 17. Bg3 Ra7 18. a4 Bd7 19. a5 Nbd5 20. Nexd5 Nxd5 21. Bxd5 exd5 22. Nxd5 Bb5 23. Nxe7+ Qxe7 24. Re1 Qf6 25. Be5 Qf5 26. Ra3 f6 27. Bd6 Rd8 28. Bc7 Rd5 29. Rae3 Ra8 30. Qb3 Bc6 31. Re7 h5 32. h3 Qg6 33. R1e3 h4 34. R7e4 Qf7 35. Bb6 Rg5 36. Qxf7+ Kxf7 37. Re7+ Kg6 38. f3 Rb5 39. b3 Bd5 40. Rc7 Rxb3 41. Rxb3 Bxb3 42. Rxb7 Re8 43. Kf2 Bc4 44. Rc7 Re2+ 45. Kg1 Re1+ 46. Kh2 Bf1 47. d5 Rd1 48. Rc5 Rd2 49. Kg1 Bxg2 50. d6 Bxh3 51. Bc7 Bf5 52. Rc4 h3 53. Rh4 Kf7 54. Kf1 g5 55. Rh8 Kg7 56. Rh5 h2 57. Bb6 Kg6 58. Rh8 Kg7 59. Rh5 g4 60. Bf2 Bd3+ 61. Kg2 gxf3+ 62. Kg3 Be4 63. Rxh2 Rxd6 64. Kf4 Bc6 65. Rh1 Rd2 66. Be3 Rg2 67. Rc1 1/2-1/2

[Event "RUS-ch Blitz Men 2018"]
[Site "Sochi"]
[Date "2018.10.07"]
[Round "6"]
[White "Esipenko, Andrey"]
[Black "Demidov, Mikhail"]
[Result "1-0"]
[WhiteElo "2634"]
[BlackElo "2522"]
[Annotator "TA"]
[PlyCount "50"]
[EventDate "2018.10.07"]
[EventType "swiss"]
[EventCountry "RUS"]
[SourceTitle "playchess.com"]
[Source "ChessBase"]
[SourceQuality "1"]

1. d4 e6 2. Nf3 Nf6 3. Bf4 b6 4. e3 Bd6 5. Bxd6 cxd6 6. Bd3 Ba6 7. O-O Bxd3 8. Qxd3 d5 9. Nbd2 O-O 10. c4 dxc4 11. Nxc4 Qc7 12. Rfc1 Rc8 13. Qd1 Qd8 14. Qa4 Nc6 15. Nd6 Rc7 16. Ne5 Nxe5 17. dxe5 Nd5 18. h3 h6 19. Qe4 a6 20. Qf3 f5 21. Nxf5 Rxc1+ 22. Rxc1 Qg5 23. Rd1 Rf8 24. e4 Nf4 25. h4 Qxg2+ 1-0

[Event "RUS-ch Blitz Men 2018"]
[Site "Sochi"]
[Date "2018.10.07"]
[Round "6"]
[White "Riazantsev, Alexander"]
[Black "Belyakov, Bogdan"]
[Result "1-0"]
[WhiteElo "2633"]
[BlackElo "2464"]
[Annotator "TA"]
[PlyCount "163"]
[EventDate "2018.10.07"]
[EventType "swiss"]
[EventCountry "RUS"]
[SourceTitle "playchess.com"]
[Source "ChessBase"]
[SourceQuality "1"]

1. d4 d5 2. Nf3 a6 3. Bf4 Nf6 4. e3 e6 5. c4 c5 6. Nc3 Nc6 7. cxd5 Nxd5 8. Nxd5 Qxd5 9. dxc5 Qxc5 10. a3 e5 11. Bg3 Qa5+ 12. Nd2 Be6 13. b4 Qb6 14. Be2 Rd8 15. O-O Be7 16. Qc2 O-O 17. Nc4 Qc7 18. Na5 Bd7 19. Bf3 Bf6 20. Rac1 Rc8 21. Nxc6 Bxc6 22. Bxc6 bxc6 23. Qa4 h5 24. Rc4 Rfd8 25. Rfc1 Qd6 26. h4 Qd2 27. Rxc6 Qxc1+ 28. Rxc1 Rxc1+ 29. Kh2 Rdd1 30. Kh3 Rd6 31. Bxe5 Bxe5 32. Qe8+ Kh7 33. Qxe5 Rh1+ 34. Kg3 Rg6+ 35. Kf3 Rxh4 36. g3 Rh1 37. Kg2 Rc1 38. Qxh5+ Kg8 39. Qe5 Rf6 40. Qe8+ Kh7 41. Qe4+ g6 42. g4 Kg8 43. Qd4 Rfc6 44. Kg3 R1c2 45. Qe5 Re6 46. Qd4 Rec6 47. a4 R2c4 48. Qd8+ Kg7 49. b5 axb5 50. axb5 Re6 51. Qd5 Rb4 52. Qc5 Rb3 53. Qc4 Rb1 54. e4 Kg8 55. f3 Rb6 56. Qc8+ Kh7 57. Qc7 R1xb5 58. Qxf7+ Kh8 59. f4 g5 60. Qe8+ Kg7 61. Qe7+ Kg8 62. fxg5 Rb3+ 63. Kf4 Rb7 64. Qe8+ Kg7 65. Qe5+ Kg8 66. g6 R3b6 67. Qe8+ Kg7 68. Kg5 Rb5+ 69. e5 R5b6 70. Kh5 Ra7 71. g5 Rbb7 72. Qe6 Re7 73. Qf6+ Kg8 74. Kh6 Rac7 75. e6 Rb7 76. Qd4 Re8 77. Qd5 Rbe7 78. g7 Rxg7 79. e7+ Kh8 80. Qd4 Rexe7 81. Qd8+ Rg8 82. Qxe7 1-0

[Event "RUS-ch Blitz Men 2018"]
[Site "Sochi"]
[Date "2018.10.07"]
[Round "6"]
[White "Alekseenko, Kirill"]
[Black "Gochelashvili, David"]
[Result "1-0"]
[WhiteElo "2613"]
[BlackElo "2323"]
[Annotator "TA"]
[PlyCount "72"]
[EventDate "2018.10.07"]
[EventType "swiss"]
[EventCountry "RUS"]
[SourceTitle "playchess.com"]
[Source "ChessBase"]
[SourceQuality "1"]

1. e4 c5 2. Nf3 d6 3. d4 Nf6 4. Nc3 cxd4 5. Nxd4 g6 6. Be3 Bg7 7. f3 Nc6 8. Qd2 O-O 9. Bc4 Bd7 10. O-O-O Rc8 11. Bb3 Ne5 12. Kb1 a6 13. h4 h5 14. Rdg1 b5 15. g4 hxg4 16. h5 Nxh5 17. Bh6 Kh7 18. Bxg7 Kxg7 19. fxg4 Nxg4 20. Nf5+ Bxf5 21. exf5 Nhf6 22. fxg6 fxg6 23. Be6 Rc4 24. Bxc4 bxc4 25. Nd5 Rh8 26. Nxf6 Nxf6 27. Qg5 Qe8 28. Qxg6+ Qxg6 29. Rxg6+ Kxg6 30. Rxh8 e5 31. Ra8 e4 32. Kc1 Kf5 33. Rxa6 d5 34. c3 Ng4 35. Kd2 Ke5 36. Ra8 Nf6 1-0

[Event "RUS-ch Blitz Men 2018"]
[Site "Sochi"]
[Date "2018.10.07"]
[Round "6"]
[White "Rakhmanov, Aleksandr"]
[Black "Gutenev, Alexander"]
[Result "1-0"]
[WhiteElo "2578"]
[BlackElo "2440"]
[Annotator "TA"]
[PlyCount "75"]
[EventDate "2018.10.07"]
[EventType "swiss"]
[EventCountry "RUS"]
[SourceTitle "playchess.com"]
[Source "ChessBase"]
[SourceQuality "1"]

1. c4 Nf6 2. Nc3 d5 3. cxd5 Nxd5 4. Nf3 g6 5. Qb3 Nb6 6. d4 Bg7 7. Bf4 O-O 8. e3 Be6 9. Qa3 Nc6 10. Rd1 Nd5 11. Bg3 Ncb4 12. Rd2 a5 13. Be2 Bh6 14. O-O c6 15. Ne4 Re8 16. Nc5 Bc8 17. Ne5 b6 18. Na4 Be6 19. Rfd1 Rc8 20. Bf3 Nf6 21. Nc3 b5 22. b3 Qb6 23. Qb2 Red8 24. Ne4 Nxe4 25. Bxe4 c5 26. d5 Bf5 27. Bxf5 gxf5 28. a3 Na6 29. Nc6 Re8 30. Bh4 Bf8 31. Ne5 Bg7 32. f4 Qd6 33. Bg3 c4 34. bxc4 bxc4 35. Qc2 Qxa3 36. Qxf5 f6 37. Qe6+ Kh8 38. Nf7+ 1-0

[Event "RUS-ch Blitz Men 2018"]
[Site "Sochi"]
[Date "2018.10.07"]
[Round "6"]
[White "Triapishko, Alexandr"]
[Black "Malakhov, Igor"]
[Result "1-0"]
[WhiteElo "2560"]
[BlackElo "2451"]
[Annotator "RC"]
[PlyCount "87"]
[EventDate "2018.10.07"]
[EventType "swiss"]
[EventCountry "RUS"]
[SourceTitle "playchess.com"]
[Source "ChessBase"]
[SourceQuality "1"]

1. e4 c5 2. Nf3 Nc6 3. g3 g6 4. Bg2 Bg7 5. O-O d6 6. c3 Nf6 7. Re1 e5 8. a3 O-O 9. d3 d5 10. Bg5 dxe4 11. Bxf6 Qxf6 12. dxe4 Bg4 13. Qe2 c4 14. h3 Be6 15. a4 Na5 16. Na3 Rfd8 17. Rad1 Qe7 18. Nd2 Rac8 19. Nf1 Qc7 20. Ne3 Qc6 21. Nb5 Qc5 22. Rxd8+ Rxd8 23. Rd1 Rxd1+ 24. Qxd1 Bf8 25. Qd8 Nc6 26. Qa8 a6 27. Nc7 Qb6 28. Nxe6 fxe6 29. Nxc4 Qc5 30. Ne3 Qb6 31. b4 a5 32. b5 Ne7 33. Qb8 Qc5 34. Qxb7 Qxc3 35. b6 Qa1+ 36. Bf1 Qxa4 37. Qa8 Nc6 38. Qe8 Kg7 39. Qxe6 Bc5 40. Qd7+ Kg8 41. Bc4+ Kh8 42. b7 Bxe3 43. b8=Q+ Nxb8 44. Qxa4 1-0

[Event "RUS-ch Blitz Men 2018"]
[Site "Sochi"]
[Date "2018.10.07"]
[Round "6"]
[White "Khanin, Semen"]
[Black "Ofitserian, Boris"]
[Result "0-1"]
[WhiteElo "2545"]
[BlackElo "2274"]
[Annotator "TA"]
[PlyCount "94"]
[EventDate "2018.10.07"]
[EventType "swiss"]
[EventCountry "RUS"]
[SourceTitle "playchess.com"]
[Source "ChessBase"]
[SourceQuality "1"]

1. e4 c5 2. Nf3 d6 3. d4 cxd4 4. Nxd4 Nf6 5. Nc3 a6 6. f3 e5 7. Nb3 Be6 8. Be3 Nbd7 9. g4 g6 10. Qd2 b5 11. a4 bxa4 12. Rxa4 Qc8 13. Nd5 Bxd5 14. exd5 Bg7 15. Rc4 Qb7 16. Rc6 e4 17. g5 Nh5 18. f4 h6 19. Rxd6 hxg5 20. Bh3 Nhf6 21. Bxd7+ Nxd7 22. O-O gxf4 23. Rxf4 O-O 24. Rxe4 Rfe8 25. Rb4 Qc7 26. Rc6 Qe5 27. Bf4 Qf5 28. Bg3 Nf6 29. Rf4 Qg5 30. Rf2 Qg4 31. Rcxf6 Bxf6 32. Rxf6 Re2 33. Rf4 Rxd2 34. Rxg4 Rxc2 35. Nd4 Rxb2 36. d6 Rd2 37. Nc6 Kg7 38. Rd4 Rxd4 39. Nxd4 Rd8 40. Nc6 Rd7 41. Nb8 Rd8 42. d7 Kf6 43. Bc7 Ke7 44. Bxd8+ Kxd8 45. Nxa6 Kxd7 46. Kg2 Ke6 47. Kf3 Kf5 0-1

[Event "RUS-ch Blitz Men 2018"]
[Site "Sochi"]
[Date "2018.10.07"]
[Round "6"]
[White "Vastrukhin, Oleg"]
[Black "Inozemtsev, Sergei"]
[Result "0-1"]
[WhiteElo "2535"]
[BlackElo "2312"]
[Annotator "TA"]
[PlyCount "88"]
[EventDate "2018.10.07"]
[EventType "swiss"]
[EventCountry "RUS"]
[SourceTitle "playchess.com"]
[Source "ChessBase"]
[SourceQuality "1"]

1. g3 Nf6 2. Bg2 g6 3. c4 Bg7 4. Nc3 O-O 5. e3 c5 6. Nge2 Nc6 7. O-O d6 8. d3 Bg4 9. h3 Bd7 10. b3 a6 11. Bb2 Rb8 12. Qd2 b5 13. g4 bxc4 14. dxc4 h5 15. g5 Ne8 16. h4 Nc7 17. Nf4 Ne5 18. Rad1 Re8 19. Ba1 Qc8 20. Ne4 Bg4 21. f3 Bd7 22. Nd3 Nxd3 23. Bxg7 Kxg7 24. Qxd3 Bf5 25. Qc3+ Kg8 26. Ng3 Be6 27. e4 a5 28. f4 Bg4 29. Rd2 Ne6 30. e5 dxe5 31. Qxe5 Nd4 32. Ne4 Be2 33. Rf2 Qg4 34. Nxc5 Nf3+ 35. Rxf3 Bxf3 36. Qe1 Rbd8 37. Rf2 Rd1 38. Qxd1 Bxd1 39. Nd3 Qxh4 40. f5 Qxg5 41. fxg6 fxg6 42. Nf4 Bg4 43. Kh2 Rf8 44. Bd5+ Kg7 0-1

[Event "RUS-ch Blitz Men 2018"]
[Site "Sochi"]
[Date "2018.10.07"]
[Round "6"]
[White "Sarana, Alexey"]
[Black "Sjugirov, Sanan"]
[Result "0-1"]
[WhiteElo "2532"]
[BlackElo "2711"]
[Annotator "TA"]
[PlyCount "91"]
[EventDate "2018.10.07"]
[EventType "swiss"]
[EventCountry "RUS"]
[SourceTitle "playchess.com"]
[Source "ChessBase"]
[SourceQuality "1"]

1. e4 c5 2. Nf3 d6 3. d4 cxd4 4. Nxd4 Nf6 5. Nc3 a6 6. h3 Nc6 7. g4 Qb6 8. Nb3 e6 9. Bg2 Qc7 10. f4 b5 11. Be3 Bb7 12. a3 Be7 13. O-O Rc8 14. Qe2 Nd7 15. Rad1 Nb6 16. f5 Nc4 17. fxe6 fxe6 18. Bd4 N6e5 19. g5 g6 20. h4 Rd8 21. Bh3 Bc8 22. Rf2 h6 23. h5 Bxg5 24. hxg6 Qg7 25. Qh5 Rg8 26. Bf5 Be3 27. Bxe3 Nxe3 28. Re1 exf5 29. Rxe3 Qxg6+ 30. Qxg6+ Rxg6+ 31. Kf1 fxe4 32. Nxe4 Kd7 33. Nd4 Kc7 34. Rc3+ Kb6 35. Ke2 Rg4 36. Ke3 Nc4+ 37. Rxc4 bxc4 38. Nf6 Rg5 39. Kd2 h5 40. Kc3 h4 41. Ne4 Re5 42. Rf4 h3 43. Rh4 Rxe4 44. Rxe4 Rh8 45. Nf3 Bb7 46. Kd4 0-1

[Event "RUS-ch Blitz Men 2018"]
[Site "Sochi"]
[Date "2018.10.07"]
[Round "6"]
[White "Shcherbakov, Ruslan"]
[Black "Rozum, Ivan"]
[Result "0-1"]
[WhiteElo "2501"]
[BlackElo "2595"]
[Annotator "TA"]
[PlyCount "80"]
[EventDate "2018.10.07"]
[EventType "swiss"]
[EventCountry "RUS"]
[SourceTitle "playchess.com"]
[Source "ChessBase"]
[SourceQuality "1"]

1. e4 c6 2. d4 d5 3. Nc3 dxe4 4. Nxe4 Bf5 5. Ng3 Bg6 6. h4 h6 7. Nf3 Nd7 8. h5 Bh7 9. Bd3 Bxd3 10. Qxd3 e6 11. Bd2 Ngf6 12. O-O-O Be7 13. Kb1 Qb6 14. Ne4 Nxe4 15. Qxe4 Nf6 16. Qe2 Qb5 17. c4 Qf5+ 18. Ka1 Qe4 19. Be3 Ng4 20. Rd3 Nxf2 21. Qxf2 Qxd3 22. Ne5 Qf5 23. Qe2 Bf6 24. Rf1 Qe4 25. Rf4 Qh7 26. Nf3 O-O-O 27. a3 Rd7 28. Qd1 Rhd8 29. Qa4 a6 30. Ka2 Qd3 31. Bf2 Qe2 32. Ne5 Bxe5 33. dxe5 Qxe5 34. Bg3 Qxh5 35. Qb4 e5 36. Rf3 f6 37. Qb6 Qg4 38. Rb3 Qxc4 39. Qa7 Rc7 40. Bf2 Rd3 0-1

[Event "RUS-ch Blitz Men 2018"]
[Site "Sochi"]
[Date "2018.10.07"]
[Round "6"]
[White "Lobanov, Sergei"]
[Black "Paravyan, David"]
[Result "1/2-1/2"]
[WhiteElo "2472"]
[BlackElo "2634"]
[Annotator "TA"]
[PlyCount "87"]
[EventDate "2018.10.07"]
[EventType "swiss"]
[EventCountry "RUS"]
[SourceTitle "playchess.com"]
[Source "ChessBase"]
[SourceQuality "1"]

1. e4 e5 2. Nf3 Nc6 3. Bb5 Nf6 4. O-O Nxe4 5. Re1 Nd6 6. Nxe5 Be7 7. Bf1 Nxe5 8. Rxe5 O-O 9. d4 Bf6 10. Re1 Re8 11. Rxe8+ Nxe8 12. Bf4 d5 13. c3 c6 14. h3 Bg5 15. Qd2 h6 16. Bxg5 hxg5 17. Bd3 Nd6 18. Qe3 Qf6 19. Qe5 Qxe5 20. dxe5 Ne4 21. Bxe4 dxe4 22. Nd2 Bf5 23. Re1 Re8 24. Nxe4 Rxe5 25. f3 Bxe4 26. Rxe4 Rxe4 27. fxe4 f6 28. Kf2 Kf7 29. Ke3 Ke6 30. Kd4 Kd6 31. b4 b6 32. a3 Ke6 33. g3 Kd6 34. Kd3 Ke5 35. Ke3 a6 36. Kd3 a5 37. Ke3 a4 38. Kd3 c5 39. Ke3 c4 40. Kf3 Ke6 41. Ke3 Ke5 42. Kf3 Ke6 43. Ke3 Ke5 44. Kf3 1/2-1/2

[Event "RUS-ch Blitz Men 2018"]
[Site "Sochi"]
[Date "2018.10.07"]
[Round "6"]
[White "Kryakvin, Dmitry"]
[Black "Stambulian, Arsen"]
[Result "1-0"]
[WhiteElo "2468"]
[BlackElo "2310"]
[Annotator "ChessBase"]
[PlyCount "73"]
[EventDate "2018.10.07"]
[EventType "swiss"]
[EventCountry "RUS"]
[SourceTitle "playchess.com"]
[Source "ChessBase"]
[SourceQuality "1"]

1. d4 Nf6 2. Bg5 c5 3. Bxf6 gxf6 4. d5 Qb6 5. Qc1 h5 6. c4 d6 7. Nc3 Nd7 8. e3 Ne5 9. Nf3 Bg4 10. Be2 Bh6 11. Nxe5 fxe5 12. Qc2 Bxe2 13. Qxe2 O-O-O 14. O-O-O f5 15. Kb1 Bg7 16. e4 Rdf8 17. f3 Qd8 18. Ka1 Qe8 19. Rb1 a5 20. exf5 Rxf5 21. Ne4 h4 22. h3 Bh6 23. a3 Kc7 24. b3 Qg6 25. Rb2 Rg8 26. Rhb1 Rff8 27. Ra2 Ra8 28. Rbb2 Qf5 29. Qe1 b6 30. Qxh4 Bg5 31. Qe1 Bf4 32. b4 axb4 33. axb4 Qd7 34. bxc5 dxc5 35. g3 Bh6 36. Nc3 Rgb8 37. Qxe5+ 1-0